00481cam a2200157 4500008004100000020001500041035001200056100003200068245006700100250001200167260004000179300002800219504002000247506002000267650003600287060208s2002 ck 000 0 spa u a9583504017 aa4518631 aMonroy Cabra, Marco Gerardo10aDerecho internacional público /cMarco Gerardo Monroy Cabra. a5a. ed. aBogotá, Colombia :bTemis, c2002 axxxii, 746 p. ;c24 cm. aIncluye indices aRec. prop. esc. 4aDerecho internacional público